Zákazník - náš protivník, nebo partner? clienting nahrazuje marketing a radikálně mění způsob prodeje

Guardado en:
Detalles Bibliográficos
Autor principal: Geffroy, Edgar K.
Otros Autores: Pondělíček, Jiří
Formato: Libro
Lenguaje:checo
Publicado: Praha MANAGEMENT PRESS 2001
Materias:
Etiquetas: Agregar Etiqueta
Sin Etiquetas, Sea el primero en etiquetar este registro!

MARC

LEADER 00000nam a2200000 4500
001 c123818
005 20230220124240.0
020 |a 80-7261-034-1 
041 0 |a cze 
044 |a CZ 
245 1 0 |a Zákazník - náš protivník, nebo partner?  |b clienting nahrazuje marketing a radikálně mění způsob prodeje  |c Edgar K. Geffroy ; preložil: Jiří Pondělíček 
264 1 |a Praha  |b MANAGEMENT PRESS  |c 2001 
300 |a 199 s. 
610 2 0 |a zákazníci 
610 2 0 |a partneri obchodní 
610 2 0 |a predaj 
610 2 0 |a stratégia obchodná 
610 2 0 |a motivácia 
610 2 0 |a vedenie 
610 2 0 |a marketing 
610 2 0 |a informácie 
610 2 0 |a klienti 
100 1 |a Geffroy, Edgar K. 
700 1 |a Pondělíček, Jiří